000 00533nam a22001697a 4500
999 _c11725
_d11725
003 AR-CdUCM
008 190404b ||||| |||| 00| 0 spa d
040 _aMUNICIPALIDAD PROVINCIAL DEL CUSCO
_cBIBLIOTECA MUNICIPAL DEL CUSCO
082 _a869.56 /
_bG74 / 1949
100 _aGoethe,Johann Wolfgang
_929217
245 _aBenvenuto Cellini :
_ben su patria y en su época /
260 _aBuenos Aires :
_bArgos,
_c1949.
300 _a55 páginas ;
_c21 cm.
650 _aNovela.
_95
942 _2ddc
_cLIBROS
945 _awfj
_d2019-04-04